| 000 | 00000nas##2200000za#4500 |
| 001 | 9.501183 |
| 003 | CaOODSP |
| 005 | 20210615082226 |
| 007 | cr ||||||||||| |
| 008 | 150406c2004||||xxc|| m o||||f| |0fre|d |
| 040 | |aCaOODSP|bfre |
| 043 | |an-cn--- |
| 086 | 1 |aHS3-1F-PDF |
| 110 | 1 |aCanada.|bRessources humaines et Développement des compétences Canada. |bPolitique stratégique et planification. |
| 245 | 10|aPolitique stratégique - document de travail |h[ressource électronique] |
| 260 | |aOttawa - Ontario : |bRessources humaines et Développement des compétences Canada. |
| 310 | |aIrrégulier |
| 775 | 08|tStrategic policy working paper |w(CaOODSP)9.504774 |
| 776 | 0#|tPolitique stratégique - document de travail |w(CaOODSP)9.513533 |